[Event "HUN-chT2 Charousek 1213"]
[Site "Hungary"]
[Date "2013.01.27"]
[Round "6"]
[White "Nemeth, Denes"]
[Black "Benedeczky, Lehel"]
[Result "1-0"]
[WhiteElo "2221"]
[BlackElo "1944"]
[PlyCount "135"]
[EventDate "2012.09.16"]
[EventType "team-tourn"]
[EventRounds "11"]
[EventCountry "HUN"]
[SourceTitle "EXT 2014"]
[Source "ChessBase"]
[SourceDate "2013.11.20"]
[SourceVersion "1"]
[SourceVersionDate "2013.11.20"]
[SourceQuality "1"]
[WhiteTeam "Haladas II"]
[BlackTeam "Paks II"]
[WhiteTeamCountry "HUN"]
[BlackTeamCountry "HUN"]

1. d4 d5 2. Nf3 Nf6 3. c4 c6 4. g3 g6 5. Bg2 Bg7 6. 0-0 0-0 7. Nc3 Nbd7 8. cxd5 cxd5 9. Qb3 Nb6 10. Ne5 Be6 11. a4 Nfd7 12. a5 Nxe5 13. axb6 Nc4 14. Rxa7 Bxd4 15. Rxa8 Qxa8 16. Nxd5 Bxd5 17. Bxd5 Nxb6 18. Bh6 Rd8 19. Bxf7+ Kh8 20. e3 Bg7 21. Bg5 Nc8 22. Bd5 Qa5 23. e4 b6 24. Rd1 Bf6 25. Be3 b5 26. Bc6 Rxd1+ 27. Qxd1 Qc7 28. Qd5 Bxb2 29. Bxb5 Nd6 30. Ba4 Qc4 31. Qa8+ Kg7 32. Bc6 Qg8 33. Qa7 Qd8 34. Bd4+ Bxd4 35. Qxd4+ Kh6 36. h4 Nf7 37. Bd5 e5 38. Qc3 Kg7 39. Bxf7 Kxf7 40. Qxe5 Qd1+ 41. Kg2 Qe2 42. Qf4+ Ke6 43. Qf3 Qb5 44. Qg4+ Kf7 45. Qg5 Qe2 46. Qd5+ Kf6 47. Qd6+ Kf7 48. e5 Qe4+ 49. Kg1 Qe1+ 50. Kg2 Qe4+ 51. Kh2 Qf5 52. Qd5+ Ke7 53. Kg2 h5 54. Qd6+ Kf7 55. e6+ Qxe6 56. Qxe6+ Kxe6 57. Kf3 Kf5 58. Ke3 Ke5 59. f3 Kf5 60. Kd4 Kf6 61. Ke4 Ke6 62. g4 hxg4 63. fxg4 Kf6 64. Kd5 Ke7 65. Ke5 Kf7 66. Kd6 Kf6 67. g5+ Kf7 68. Kd7 1-0

[Event "HUN-chT2 Charousek 1213"]
[Site "Hungary"]
[Date "2012.10.07"]
[Round "2"]
[White "Nemeth, Denes"]
[Black "Novak, Robert"]
[Result "1-0"]
[WhiteElo "2221"]
[BlackElo "2172"]
[PlyCount "63"]
[EventDate "2012.09.16"]
[EventType "team-tourn"]
[EventRounds "11"]
[EventCountry "HUN"]
[SourceTitle "EXT 2014"]
[Source "ChessBase"]
[SourceDate "2013.11.20"]
[SourceVersion "1"]
[SourceVersionDate "2013.11.20"]
[SourceQuality "1"]
[WhiteTeam "Haladas II"]
[BlackTeam "Balatonfuered"]
[WhiteTeamCountry "HUN"]
[BlackTeamCountry "HUN"]

1. d4 Nf6 2. c4 e6 3. g3 d5 4. Bg2 Be7 5. Nf3 0-0 6. 0-0 b6 7. Ne5 Bb7 8. Qa4 Na6 9. Nc3 c5 10. cxd5 Nxd5 11. e4 Nf6 12. d5 exd5 13. exd5 Bd6 14. Nc4 Nb4 15. Nxd6 Qxd6 16. Bf4 Qd7 17. Qxd7 Nxd7 18. Rad1 Ba6 19. Rfe1 Nd3 20. Re7 Nxf4 21. gxf4 Rad8 22. d6 Bc4 23. f5 g6 24. b3 Ba6 25. Nd5 Kg7 26. Nc7 Bc8 27. Ne6+ Kf6 28. Nxf8 Rxf8 29. fxg6 hxg6 30. Rde1 Kg7 31. Bh3 Nf6 32. d7 1-0

[Event "HUN-chT2 Charousek 1112"]
[Site "Hungary"]
[Date "2012.05.06"]
[Round "10"]
[White "Nemeth, Denes"]
[Black "Zsirai, Peter"]
[Result "1/2-1/2"]
[WhiteElo "2198"]
[BlackElo "2083"]
[PlyCount "98"]
[EventDate "2011.09.25"]
[EventType "team-tourn"]
[EventRounds "11"]
[EventCountry "HUN"]
[SourceTitle "EXT 2013"]
[Source "ChessBase"]
[SourceDate "2012.11.22"]
[SourceVersion "1"]
[SourceVersionDate "2012.11.22"]
[SourceQuality "1"]
[WhiteTeam "Haladas II"]
[BlackTeam "Aquaprofit II"]
[WhiteTeamCountry "HUN"]
[BlackTeamCountry "HUN"]

1. d4 Nf6 2. c4 g6 3. Nf3 Bg7 4. g3 d5 5. cxd5 Nxd5 6. Bg2 Nb6 7. Nc3 Nc6 8. d5 Bxc3+ 9. bxc3 Qxd5 10. Bd2 0-0 11. 0-0 Qh5 12. Ng5 Nc4 13. Bf4 h6 14. Ne4 N6e5 15. Qd4 Be6 16. Qc5 Rfe8 17. Qxc7 Rac8 18. Qxb7 Rb8 19. Qxa7 Qxe2 20. Nc5 Bg4 21. Na6 Nf3+ 22. Kh1 Ra8 23. Qb7 Ncd2 24. Bxd2 Nxd2 25. Nc7 Rab8 26. Qa7 Rec8 27. Rfe1 Qd3 28. Nd5 Bf3 29. Nxe7+ Kh7 30. Qe3 Rxc3 31. Qf4 Bxg2+ 32. Kxg2 Qf3+ 33. Qxf3 Nxf3 34. Re4 Kg7 35. h4 Ra3 36. Nc6 Rb2 37. Rf4 Nd2 38. Re1 Rb7 39. Nb4 Ra4 40. Re2 Nb1 41. Rb2 Nc3 42. Rb3 Ne2 43. Re4 Nc1 44. Rb1 Rc7 45. Rb2 Rca7 46. Re8 Nxa2 47. Nd5 Rd4 48. Rb5 Rd7 49. Ne3 Rd8 1/2-1/2

[Event "HUN-chT2 Charousek 1112"]
[Site "Hungary"]
[Date "2012.03.11"]
[Round "7"]
[White "Nemeth, Denes"]
[Black "Bali, Janos"]
[Result "1-0"]
[WhiteElo "2198"]
[BlackElo "2292"]
[PlyCount "101"]
[EventDate "2011.09.25"]
[EventType "team-tourn"]
[EventRounds "11"]
[EventCountry "HUN"]
[SourceTitle "EXT 2013"]
[Source "ChessBase"]
[SourceDate "2012.11.22"]
[SourceVersion "1"]
[SourceVersionDate "2012.11.22"]
[SourceQuality "1"]
[WhiteTeam "Haladas II"]
[BlackTeam "BEAC"]
[WhiteTeamCountry "HUN"]
[BlackTeamCountry "HUN"]

1. d4 d5 2. Nf3 c5 3. c4 dxc4 4. Na3 cxd4 5. Qxd4 Qxd4 6. Nxd4 c3 7. Ndb5 cxb2 8. Bxb2 Na6 9. g3 Bd7 10. Bg2 Bc6 11. 0-0 Bxg2 12. Kxg2 Nf6 13. Rac1 e6 14. Rfd1 Bc5 15. Nc7+ Nxc7 16. Rxc5 Na6 17. Rg5 Ke7 18. Nb5 Ne8 19. Ba3+ Kf6 20. h4 h6 21. Rg4 e5 22. Rd7 b6 23. f4 Kf5 24. Kh3 f6 25. fxe5 fxe5 26. e4+ Ke6 27. Re7+ Kf6 28. h5 Nc5 29. Bxc5 bxc5 30. Rb7 g5 31. hxg6 h5 32. Rf7+ Ke6 33. Rg5 Rg8 34. Rff5 Ng7 35. Rxe5+ Kf6 36. Nc7 Rad8 37. Nd5+ Rxd5 38. Rxd5 c4 39. Rc5 c3 40. Rgd5 Ne6 41. e5+ Kxg6 42. Rxc3 Rg7 43. Ra5 Kf5 44. Rf3+ Ke4 45. Rf6 Ng5+ 46. Kg2 h4 47. Rf4+ Ke3 48. Ra3+ Ke2 49. Rf2+ Ke1 50. Re3+ Kd1 51. Kf1 1-0

[Event "Niederoesterreich Landesliga 1112"]
[Site "Austria"]
[Date "2012.02.26"]
[Round "8"]
[White "Wadsack, Wolfgang"]
[Black "Nemeth, Denes"]
[Result "0-1"]
[WhiteElo "2144"]
[BlackElo "2067"]
[PlyCount "70"]
[EventDate "2011.09.18"]
[EventType "team-tourn"]
[EventRounds "11"]
[EventCountry "AUT"]
[SourceTitle "EXT 2022"]
[Source "ChessBase"]
[SourceDate "2021.10.06"]
[SourceVersion "1"]
[SourceVersionDate "2021.10.06"]
[SourceQuality "1"]

1. e4 c5 2. c3 d5 3. exd5 Qxd5 4. d4 Nc6 5. Nf3 Bg4 6. Be2 0-0-0 7. dxc5 Qxd1+ 8. Bxd1 e5 9. b4 e4 10. h3 exf3 11. hxg4 fxg2 12. Rg1 Ne5 13. Be2 h5 14. gxh5 g6 15. Be3 gxh5 16. Bd4 Re8 17. Rxg2 Nf3+ 18. Kf1 Nxd4 19. cxd4 Re4 20. Nc3 Rxd4 21. Rb1 Nf6 22. Nb5 Rf4 23. Nxa7+ Kb8 24. Nb5 Nd5 25. Rg5 Nxb4 26. Bxh5 Nd3 27. Rd1 Be7 28. Rg2 Nxc5 29. Rg7 Ne4 30. Rd7 Rxf2+ 31. Ke1 Bb4+ 32. Kd1 Rf5 33. Be2 Rc8 34. Bd3 Nf2+ 35. Ke2 Re8+ 0-1

[Event "HUN-chT2 Charousek 1112"]
[Site "Hungary"]
[Date "2011.11.27"]
[Round "4"]
[White "Nemeth, Denes"]
[Black "Jonas, Zsolt"]
[Result "1-0"]
[WhiteElo "2198"]
[BlackElo "2116"]
[PlyCount "151"]
[EventDate "2011.09.25"]
[EventType "team-tourn"]
[EventRounds "11"]
[EventCountry "HUN"]
[SourceTitle "EXT 2013"]
[Source "ChessBase"]
[SourceDate "2012.11.22"]
[SourceVersion "1"]
[SourceVersionDate "2012.11.22"]
[SourceQuality "1"]
[WhiteTeam "Haladas II"]
[BlackTeam "Veszprem"]
[WhiteTeamCountry "HUN"]
[BlackTeamCountry "HUN"]

1. d4 e6 2. c4 c5 3. d5 exd5 4. cxd5 d6 5. Nc3 Ne7 6. Nf3 Ng6 7. g3 Be7 8. Bg2 Nd7 9. 0-0 0-0 10. Nd2 Nde5 11. f4 Nd7 12. e4 Bf6 13. Nf3 a6 14. a4 Re8 15. Qc2 Nb6 16. a5 Nd7 17. Be3 b5 18. axb6 Nxb6 19. e5 dxe5 20. fxe5 Nxe5 21. Bxc5 Bb7 22. Nxe5 Bxe5 23. Qf2 Nd7 24. Qxf7+ Kh8 25. Ba3 Qb6+ 26. Kh1 Nf6 27. Na4 Qb5 28. Nc5 Rab8 29. Ne6 Rg8 30. Bf8 Rbxf8 31. Nxf8 Nxd5 32. Nd7 Nf6 33. Nxf6 Bxg2+ 34. Kxg2 Bxf6 35. Qe6 Re8 36. Qf5 Qxb2+ 37. Kh3 Qd2 38. Rae1 Rd8 39. Qf2 Qd5 40. Qf5 Qd2 41. Qh5 Qd7+ 42. Kg2 Qc6+ 43. Qf3 Qb5 44. Re6 a5 45. Rf2 Kg8 46. Ra2 Kf7 47. Re3 Rd5 48. Rb3 Qd7 49. Re3 Kg8 50. Qe4 Kf7 51. Ree2 h5 52. Qc4 Kg6 53. Ra4 Kh6 54. Qc2 Qb5 55. Rc4 Rf5 56. Qe4 Qd5 57. Rc6 Re5 58. Qxd5 Rxd5 59. Ra6 Kh7 60. h3 Bc3 61. Kf3 Bb4 62. Ra8 Rd3+ 63. Kg2 Rd5 64. g4 Bc3 65. Re3 Bb4 66. Kf3 hxg4+ 67. hxg4 Kg6 68. Ra6+ Kg5 69. Ree6 Bc3 70. Rg6+ Kh4 71. Rh6+ gxh6 72. Rxh6+ Kg5 73. Rh5+ Kg6 74. Rxd5 Kf6 75. Ke4 Kg6 76. Kf4 1-0

[Event "HUN-chT U18"]
[Site "Miskolc"]
[Date "2011.11.04"]
[Round "5.4"]
[White "Berta, Sandor Martin"]
[Black "Nemeth, Denes"]
[Result "0-1"]
[WhiteElo "1858"]
[BlackElo "2198"]
[PlyCount "80"]
[EventDate "2011.11.02"]
[EventType "team-swiss"]
[EventRounds "8"]
[EventCountry "HUN"]
[SourceTitle "EXT 2012"]
[Source "ChessBase"]
[SourceDate "2011.11.24"]
[SourceVersion "1"]
[SourceVersionDate "2011.11.24"]
[SourceQuality "1"]
[WhiteTeam "Toth Laszlo"]
[BlackTeam "Haladas"]
[WhiteTeamCountry "HUN"]
[BlackTeamCountry "HUN"]

1. e4 c5 2. Nf3 d6 3. d4 cxd4 4. Nxd4 Nf6 5. Nc3 g6 6. Be3 Bg7 7. f3 0-0 8. Qd2 Nc6 9. 0-0-0 Bd7 10. g4 Rc8 11. Kb1 Ne5 12. h4 b5 13. h5 Nc4 14. Bxc4 Rxc4 15. hxg6 fxg6 16. Bh6 Nxe4 17. Qe3 Nxc3+ 18. bxc3 Rf7 19. Bxg7 Rxg7 20. Ne6 Bxe6 21. Qxe6+ Kh8 22. Qe3 Qc7 23. Rh2 Rxc3 24. Qe4 Qc6 25. Qf4 Rxf3 26. Qd4 a5 27. Rdh1 e5 28. Qd2 a4 29. Qa5 Rf8 30. Qd2 d5 31. Qb4 Rf4 32. Qa5 Qc5 33. Qd8+ Rf8 34. Qg5 Qb4+ 35. Ka1 Qc3+ 36. Kb1 a3 37. Kc1 Qb2+ 38. Kd1 Qd4+ 39. Ke1 Qf4 40. Qh4 Qc1+ 0-1

[Event "HUN-chT U18"]
[Site "Miskolc"]
[Date "2011.11.04"]
[Round "4.4"]
[White "Nemeth, Denes"]
[Black "Vince, Andrea"]
[Result "1-0"]
[WhiteElo "2198"]
[BlackElo "2133"]
[PlyCount "77"]
[EventDate "2011.11.02"]
[EventType "team-swiss"]
[EventRounds "8"]
[EventCountry "HUN"]
[SourceTitle "EXT 2012"]
[Source "ChessBase"]
[SourceDate "2011.11.24"]
[SourceVersion "1"]
[SourceVersionDate "2011.11.24"]
[SourceQuality "1"]
[WhiteTeam "Haladas"]
[BlackTeam "Decs"]
[WhiteTeamCountry "HUN"]
[BlackTeamCountry "HUN"]

1. d4 d5 2. Nf3 Nf6 3. c4 c6 4. Nc3 e6 5. e3 Nbd7 6. Qc2 Bd6 7. g4 Nxg4 8. Rg1 h5 9. h3 Qf6 10. Be2 Nh2 11. Nxh2 Bxh2 12. Rg2 Bd6 13. cxd5 exd5 14. e4 Qxd4 15. Be3 Qb4 16. exd5 Ne5 17. 0-0-0 g6 18. Rd4 Qa5 19. f4 Bxh3 20. fxe5 Bxg2 21. exd6 Bxd5 22. Bg5 Kd7 23. Be7 Qc5 24. Rxd5 cxd5 25. Bb5+ Qxb5 26. Nxb5 Rac8 27. Nc3 h4 28. Qa4+ Rc6 29. Qxa7 Rxc3+ 30. bxc3 h3 31. Qa4+ b5 32. Qxb5+ Ke6 33. Qe2+ Kd7 34. Qh2 Rh5 35. Bf6 Ke6 36. Bd4 f5 37. Qe5+ Kd7 38. Qe7+ Kc6 39. Qc7+ 1-0

[Event "HUN-chT U18"]
[Site "Miskolc"]
[Date "2011.11.03"]
[Round "2.4"]
[White "Nemeth, Denes"]
[Black "Csordas, David"]
[Result "1-0"]
[WhiteElo "2198"]
[BlackElo "1668"]
[PlyCount "71"]
[EventDate "2011.11.02"]
[EventType "team-swiss"]
[EventRounds "8"]
[EventCountry "HUN"]
[SourceTitle "EXT 2012"]
[Source "ChessBase"]
[SourceDate "2011.11.24"]
[SourceVersion "1"]
[SourceVersionDate "2011.11.24"]
[SourceQuality "1"]
[WhiteTeam "Haladas"]
[BlackTeam "MAV Elore"]
[WhiteTeamCountry "HUN"]
[BlackTeamCountry "HUN"]

1. d4 Nf6 2. c4 g6 3. Nf3 Bg7 4. g3 0-0 5. Bg2 d6 6. 0-0 Nbd7 7. Nc3 e5 8. h3 c6 9. e4 Re8 10. Re1 exd4 11. Nxd4 Nc5 12. Bf4 Nh5 13. Be3 Nf6 14. Qc2 Bd7 15. Rad1 Qc8 16. Kh2 Re5 17. Nde2 Rh5 18. Nf4 Ng4+ 19. Kg1 Nxe3 20. Rxe3 Rh6 21. h4 Be5 22. Nfe2 Bh3 23. f4 Bxc3 24. Nxc3 Bxg2 25. Qxg2 Qe6 26. Qe2 Rd8 27. e5 d5 28. cxd5 cxd5 29. Qb5 Qc6 30. b4 Na6 31. Qxc6 bxc6 32. b5 cxb5 33. Rxd5 Rxd5 34. Nxd5 Nc5 35. Nf6+ Kf8 36. Rc3 1-0

[Event "HUN-chT U18"]
[Site "Miskolc"]
[Date "2011.11.02"]
[Round "1.4"]
[White "Tigyi, Fanni"]
[Black "Nemeth, Denes"]
[Result "0-1"]
[WhiteElo "1665"]
[BlackElo "2198"]
[PlyCount "52"]
[EventDate "2011.11.02"]
[EventType "team-swiss"]
[EventRounds "8"]
[EventCountry "HUN"]
[SourceTitle "EXT 2012"]
[Source "ChessBase"]
[SourceDate "2011.11.24"]
[SourceVersion "1"]
[SourceVersionDate "2011.11.24"]
[SourceQuality "1"]
[WhiteTeam "Veszprem"]
[BlackTeam "Haladas"]
[WhiteTeamCountry "HUN"]
[BlackTeamCountry "HUN"]

1. e4 c5 2. f4 d5 3. exd5 Qxd5 4. Nc3 Qd8 5. Nf3 Nf6 6. g3 Nc6 7. Bg2 Bg4 8. 0-0 Nd4 9. d3 e6 10. Be3 Nxf3+ 11. Bxf3 Bxf3 12. Qxf3 Qc7 13. Rfe1 Be7 14. f5 exf5 15. Qxf5 Qd7 16. Qg5 h6 17. Qe5 Ng4 18. Qxg7 0-0-0 19. Qxf7 Rhf8 20. Qc4 Ne5 21. Qe4 Nf3+ 22. Kg2 Nxe1+ 23. Rxe1 Rde8 24. Nd5 Bg5 25. Qc4 Qc6 26. Kg1 Rf5 0-1

[Event "Niederoesterreich Landesliga 1112"]
[Site "Austria"]
[Date "2011.09.18"]
[Round "1"]
[White "Nemeth, Denes"]
[Black "Wallner, Joachim"]
[Result "0-1"]
[WhiteElo "2067"]
[BlackElo "2314"]
[PlyCount "70"]
[EventDate "2011.09.18"]
[EventType "team-tourn"]
[EventRounds "11"]
[EventCountry "AUT"]
[SourceTitle "EXT 2022"]
[Source "ChessBase"]
[SourceDate "2021.10.06"]
[SourceVersion "1"]
[SourceVersionDate "2021.10.06"]
[SourceQuality "1"]

1. d4 d5 2. Nf3 Nf6 3. g3 Bf5 4. Bg2 e6 5. 0-0 h6 6. c4 c6 7. Qb3 Qb6 8. c5 Qxb3 9. axb3 Nbd7 10. Nc3 a6 11. b4 Ne4 12. Nxe4 Bxe4 13. Nd2 Bxg2 14. Kxg2 Be7 15. Nb3 g5 16. f4 f5 17. Bd2 0-0-0 18. Rfc1 Rdg8 19. b5 axb5 20. Ra8+ Nb8 21. fxg5 Bxg5 22. e3 h5 23. Kf3 h4 24. Be1 Bd8 25. Rca1 Bc7 26. R1a7 hxg3 27. hxg3 Rh1 28. Bf2 Rb1 29. Ra2 Rh8 30. Nd2 Rc1 31. b4 Rh2 32. Rb2 e5 33. Nb3 e4+ 34. Ke2 Bxg3 35. Rd2 Rg1 0-1

[Event "Zalakaros op 30th"]
[Site "Zalakaros"]
[Date "2011.05.28"]
[Round "9"]
[White "Nemeth, Denes"]
[Black "Zilahi, Gabor"]
[Result "1-0"]
[WhiteElo "2182"]
[BlackElo "2038"]
[PlyCount "97"]
[EventDate "2011.05.20"]
[EventType "swiss"]
[EventRounds "9"]
[EventCountry "HUN"]
[SourceTitle "CBM 142 Extra"]
[Source "ChessBase"]
[SourceDate "2011.06.27"]
[SourceVersion "1"]
[SourceVersionDate "2011.06.27"]
[SourceQuality "1"]

1. d4 d5 2. Nf3 Nf6 3. c4 c6 4. Nc3 a6 5. c5 g6 6. h3 Bg7 7. Bf4 0-0 8. e3 Re8 9. Bd3 Nfd7 10. 0-0 e5 11. Nxe5 Nxe5 12. Bxe5 Bxe5 13. dxe5 Nd7 14. b4 Rxe5 15. Ne2 Nf8 16. Nd4 Re8 17. a4 Ne6 18. Nb3 Bd7 19. Qc2 Qh4 20. f4 Ng7 21. Qf2 Qf6 22. Nd4 Nf5 23. Bxf5 Bxf5 24. Qd2 Bd7 25. Rfb1 Re4 26. Ra3 Rae8 27. Nf3 Qe7 28. Kf2 f6 29. Nd4 g5 30. g3 Bxh3 31. Rc3 Bd7 32. b5 Qf7 33. bxa6 bxa6 34. Qd1 Qg6 35. Rb6 Qh6 36. Qg1 Bg4 37. Rb2 Kh8 38. Rcb3 gxf4 39. gxf4 Rg8 40. Rb8 Bc8 41. Qxg8+ Kxg8 42. Rxc8+ Kf7 43. Rb7+ Kg6 44. Rg8+ Kh5 45. Rb1 Qg6 46. Rh1+ Kg4 47. Rxg6+ hxg6 48. Rg1+ Kh5 49. Kf3 1-0